[Event "22nd Open"]
[Site "Arco ITA"]
[Date "2000.10.28"]
[Round "8"]
[White "McShane,L"]
[Black "Slobodjan,R"]
[Result "0-1"]
[WhiteElo "2480"]
[BlackElo "2539"]

1.e4 e5 2.Nf3 Nc6 3.Bb5 a6 4.Ba4 Nf6 5.O-O Be7 6.Re1 b5 7.Bb3 O-O 8.c3 d6
9.d4 Bg4 10.d5 Na5 11.Bc2 Qc8 12.h3 Bd7 13.Nbd2 c6 14.dxc6 Qxc6 15.Nf1 Nc4
16.Ng3 Rfe8 17.a4 Qc7 18.Nh2 Nb6 19.axb5 axb5 20.Rb1 Be6 21.Ng4 Nxg4 22.hxg4 g6
23.g5 Qd8 24.Bd3 Bd7 25.Be2 Bc6 26.Be3 Nc4 27.Bxc4 bxc4 28.Qd2 Qd7 29.f3 Reb8
30.Nf1 Ra2 31.Re2 Qd8 32.Nh2 Bd7 33.f4 exf4 34.Bxf4 Ra5 35.Rf2 Bxg5 36.Qxd6 Bxf4
37.Qxf4 Be6 38.Nf3 Rba8 39.Nd4 Qe8 40.Rbf1 Ra1 41.Qd6 Rxf1+ 42.Rxf1 Rd8 43.Qc7 Rc8
44.Qe5 Bd7 45.Qd6 Rd8 46.Qf4 Qe7 47.Ra1 Be8 48.Kh1 Rc8 49.Kh2 Rc5 50.Ra8 Kg7
51.Qg4 Bd7 52.Qf4 Rh5+ 53.Kg1 Rh4 54.Qb8 Rxe4 55.Qh8+ Kh6 56.Nf3 Bg4 57.Qf8+ Qxf8
58.Rxf8 Bxf3 59.gxf3 Rf4 60.Kg2 Kg7 61.Rb8 h5 62.Rb5 f6 63.Rc5 g5 64.Rc7+ Kg6
65.Rc8 g4 66.fxg4 hxg4 67.Kg3 Re4 68.Rc5 f5 69.Kh4 Kf6 70.Rc8 Ke5 71.Kg5 g3
72.Re8+ Kd5 73.Rd8+ Ke6 74.Rd2 Rg4+ 75.Kh6 g2  0-1

[Event "22nd Open"]
[Site "Arco ITA"]
[Date "2000.10.29"]
[Round "9"]
[White "McShane,L"]
[Black "Cocchi,A"]
[Result "1-0"]
[WhiteElo "2480"]
[BlackElo "2261"]

1.e4 c5 2.Nf3 e6 3.d4 cxd4 4.Nxd4 a6 5.Bd3 Nf6 6.Qe2 d6 7.c4 Nc6 8.Be3 Be7
9.Nc3 O-O 10.O-O Ne5 11.Rac1 Nxd3 12.Qxd3 Qc7 13.f4 Bd7 14.b3 Rac8 15.Kh1 Qa5
16.a4 Rfd8 17.f5 Ng4 18.Bd2 Qc5 19.Nce2 Bf6 20.h3 Ne5 21.Qg3 Kh8 22.Be3 Qb4
23.Nf4 Nc6 24.Nh5 Nxd4 25.Nxf6 gxf6 26.Qh4 Nxf5 27.Rxf5 Rg8 28.Qxf6+ Rg7
29.Bh6  1-0

[Event "Norkom European Masters"]
[Site "Kilkenny IRL"]
[Date "2000.11.24"]
[Round "1"]
[White "McShane,L"]
[Black "O'Donovan,R"]
[Result "1-0"]
[WhiteElo "2480"]
[BlackElo "2173"]

1.e4 c5 2.Nf3 Nc6 3.Bb5 e6 4.O-O Nge7 5.Re1 a6 6.Bf1 Ng6 7.c3 d5 8.exd5 Qxd5
9.d4 Qd8 10.d5 Na7 11.dxe6 Bxe6 12.Qxd8+ Rxd8 13.Ng5 Be7 14.Nxe6 fxe6 15.Rxe6 Rd1
16.Bd2 Nc6 17.Re1 Rxe1 18.Bxe1 O-O 19.Nd2 Rd8 20.g3 Nge5 21.f4 Rxd2 22.Bxd2 Nf3+
23.Kf2 Nxd2 24.Bd3 Na5 25.Rd1 Ndc4 26.Bxc4+ Nxc4 27.Rd7 Kf7 28.Rxb7 Ke6 29.Ke2 Bf6
30.Kd3 Kd5 31.b3 Kc6 32.Ra7 Kb6 33.Ra8 Nd6 34.a4 Kb7 35.Rh8 h6 36.Rg8 Kb6
37.g4 Ka5 38.g5 hxg5 39.fxg5 Be5 40.h4 c4+ 41.bxc4 Kxa4 42.h5 Nf7 43.Rf8 Nxg5
44.Rf5 Bf6 45.h6 Kb3 46.hxg7 Bxg7 47.Rxg5 Bxc3 48.c5 Ba5 49.c6 Bd8 50.Rg7  1-0

[Event "Norkom European Masters"]
[Site "Kilkenny IRL"]
[Date "2000.11.25"]
[Round "3"]
[White "McShane,L"]
[Black "Short,P"]
[Result "1-0"]
[WhiteElo "2480"]
[BlackElo "2302"]

1.e4 e5 2.Nf3 Nc6 3.Bb5 a6 4.Ba4 Nf6 5.O-O Be7 6.Re1 b5 7.Bb3 d6 8.c3 O-O
9.d4 Bg4 10.d5 Na5 11.Bc2 c6 12.h3 Bc8 13.dxc6 Nxc6 14.Nbd2 Ne8 15.Nf1 Be6
16.Ne3 g6 17.Nd5 Ng7 18.Bh6 f6 19.a4 Na5 20.axb5 axb5 21.b4 Nc6 22.Rxa8 Qxa8
23.Nc7 Qc8 24.Nxe6 Nxe6 25.Bxf8 Kxf8 26.Qd5 Nf4 27.Qxb5 Na7 28.Qb6 Qxc3 29.Ba4  1-0

[Event "Norkom European Masters"]
[Site "Kilkenny IRL"]
[Date "2000.11.26"]
[Round "5"]
[White "McShane,L"]
[Black "Belkhodja,S"]
[Result "1-0"]
[WhiteElo "2480"]
[BlackElo "2440"]

1.e4 d6 2.d4 Nf6 3.Bd3 Nc6 4.c3 e5 5.d5 Ne7 6.Ne2 g6 7.c4 Bg7 8.Nbc3 O-O
9.f3 Nd7 10.Be3 f5 11.Qd2 fxe4 12.fxe4 Kh8 13.O-O-O Nc5 14.Bc2 a5 15.Kb1 Bg4
16.Rdg1 Bxe2 17.Qxe2 Ng8 18.g4 Qh4 19.Rg3 Rf4 20.Qg2 Raf8 21.g5 Ne7 22.Rg1  1-0

[Event "Norkom European Masters"]
[Site "Kilkenny IRL"]
[Date "2000.11.26"]
[Round "6"]
[White "Pein,M"]
[Black "McShane,L"]
[Result "0-1"]
[WhiteElo "2424"]
[BlackElo "2480"]

1.d4 b6 2.e4 Bb7 3.Nd2 e6 4.Ngf3 d6 5.Bd3 g6 6.b3 Bg7 7.Bb2 Ne7 8.O-O Nd7
9.Re1 h6 10.Rb1 g5 11.Bf1 Ng6 12.Nc4 g4 13.Nfd2 Qg5 14.a4 h5 15.Ne3 O-O-O
16.a5 f5 17.axb6 axb6 18.d5 Bxb2 19.Rxb2 exd5 20.Nxd5 Nc5 21.c4 Ne5 22.Ra2 Rde8
23.Qa1 Rhg8 24.b4 Nxe4 25.Rxe4 fxe4 26.Nxe4 Qd8 27.Nef6 Kb8 28.b5 h4 29.Nxe8 Rxe8
30.Ra3 Qg5 31.Re3 Rf8 32.Qe1 Qf5 33.Re4 h3 34.Rf4 Qc8 35.Re4 Qe6 36.Qe3 Rg8
37.Rf4 Qg6 38.Ne7 Qb1  0-1

[Event "Bundesliga 2000-1"]
[Site "Magdeburg GER"]
[Date "2000.12.08"]
[Round "5"]
[White "McShane,L"]
[Black "Baklan,V"]
[Result "1/2-1/2"]
[WhiteElo "2480"]
[BlackElo "2599"]

1.e4 c5 2.Nf3 d6 3.Bc4 Nf6 4.d3 e6 5.Bb3 Be7 6.O-O O-O 7.c3 b6 8.Qe2 Bb7
9.Nbd2 a5 10.a4 Na6 11.e5 dxe5 12.Nxe5 Nc7 13.Ne4 Nd7 14.Nc4 Nd5 15.f4 g6
16.Ncd6 Bc6 17.f5 exf5 18.Nxf5 gxf5 19.Rxf5 N7f6 20.Bh6 Kh8 21.Bxf8 Qxf8
22.Raf1 Qg7 23.Rg5 Qh6 24.Nxf6 Qxg5 25.Bxd5 Bxf6 26.Bxc6 Rd8 27.Be4 h6 28.g3 Kg7
29.Kg2 Rd6 30.Bf5 Bd8 31.Rf4 Kf8 32.h4 Qe7 33.Re4 Qb7 34.Kh2 Qc6 35.Qg4 Bc7
36.Re3 Rf6 37.Kg1 Qd5 38.Bh7 Re6 39.Qg8+ Ke7 40.Be4 Qd8 41.Qg4 Kf8 42.Kg2 Qd6
43.Qf5 Qe5 44.Qh7 Qg7 45.Qf5 Qe5 46.Qf2 Rf6 47.Qe2 Re6 48.Qg4 Qd6 49.Kf2 Rf6+
50.Ke2 Qe6 51.Qxe6 Rxe6 52.Rf3 Be5 53.Bf5 Re8 54.Kd2 Ke7 55.Kc2 h5 56.g4 hxg4
57.Bxg4 Rg8 58.Re3 Kd6 59.Re4 Rg6 60.Kb3 Bg7 61.Kc4 Rf6 62.Kb5 Rf2 63.Re2 Rxe2
64.Bxe2 Kc7 65.Bf3 Bh6 66.Bd5 f6 67.Be4 Bc1 68.b4 axb4 69.cxb4 cxb4 70.Kxb4 Kd6
71.d4 f5 72.Bf3 Be3 73.Kc4 Bf2 74.h5 Be3 75.Bb7 Ke6 76.Ba6 Kf6 77.Kd5 Kg5
78.Be2 Kf6 79.Bd1 Bg1 80.Bb3  1/2-1/2

[Event "Bundesliga 2000-1"]
[Site "Magdeburg GER"]
[Date "2000.12.10"]
[Round "4"]
[White "Lipinsky,F"]
[Black "McShane,L"]
[Result "1/2-1/2"]
[WhiteElo "2362"]
[BlackElo "2480"]

1.d4 b6 2.c4 Bb7 3.Nf3 g6 4.g3 Bg7 5.Bg2 e6 6.Nc3 Ne7 7.d5 Na6 8.Nd4 e5 9.Nf3 O-O
10.O-O f5 11.Nb5 e4 12.Ng5 h6 13.Nh3 g5 14.f3 Nc5 15.fxe4 Nxe4 16.Nf2 a6
17.Nxe4 axb5 18.Nc3 bxc4 19.d6 Nc6 20.Nb5 Be5 21.Qd5+ Kg7 22.dxc7 Bxc7 23.Nxc7 Qxc7
24.Qxc4 Qe5 25.Bd2 Ba6 26.Qd5 Qxd5 27.Bxd5 Bxe2 28.Rfe1 Rfe8 29.Kf2 Bd3 30.Rad1 Rxe1
31.Bxe1 Bb5 32.Bc3+ Kg6 33.Bg2 Ra7 34.a3 Kf7 35.Rd5 Bc4 36.Rxf5+ Ke7 37.Rf6 Be6
38.Rxh6 g4 39.h4 gxh3 40.Bxh3 Ra4 41.Bxe6 dxe6 42.Rh4 Ra8 43.g4 Kd6 44.Rh1 e5
45.Kg3 Rg8 46.Rh6+ Kd5 47.Kh4 e4 48.Kg3 e3 49.Kf3 e2 50.Kxe2 Rxg4 51.Kf3 Rg1
52.Rh5+ Kc4 53.Rh4+ Kd5 54.a4 Kc5 55.Rh5+ Kd6 56.Rh6+ Kc5 57.Ke3 Rg4 58.Rh5+ Kd6
59.b3 Kc7 60.Kd3 Nb4+ 61.Bxb4 Rxb4 62.Kc3 Rg4 63.Rd5 Kc6 64.Rd4 Rg3+ 65.Kc4 Rg5
66.b4 Rg1 67.b5+ Kc7 68.Rh4 Rc1+ 69.Kd5 Rd1+ 70.Rd4 Rh1 71.Rc4+ Kb7 72.Re4 Rd1+
73.Ke6 Kc7 74.Re5 Rd4 75.Rf5 Rxa4 76.Rf7+ Kb8 77.Kd5 Rh4 78.Rf8+  1/2-1/2

[Event "Rilton Cup"]
[Site "Stockholm SWE"]
[Date "2000.12.27"]
[Round "1"]
[White "McShane,L"]
[Black "Algars,O"]
[Result "1-0"]
[WhiteElo "2480"]
[BlackElo "2132"]

1.e4 c5 2.Nf3 e6 3.d4 cxd4 4.Nxd4 a6 5.Bd3 Bc5 6.Nb3 Ba7 7.N1d2 d6 8.O-O Nc6
9.Kh1 Nf6 10.f4 h5 11.Nf3 Ng4 12.Qe2 Qb6 13.h3 Bd7 14.a4 a5 15.Bd2 e5 16.f5 Nb4
17.Bb5 Bc6 18.c4 Nf6 19.c5 dxc5 20.Nxe5 Bxb5 21.axb5 Bb8 22.Nc4  1-0

[Event "Rilton Cup"]
[Site "Stockholm SWE"]
[Date "2000.12.29"]
[Round "3"]
[White "McShane,L"]
[Black "Molander,R"]
[Result "1-0"]
[WhiteElo "2480"]
[BlackElo "2289"]

1.e4 c5 2.Nf3 d6 3.Bc4 Nc6 4.d3 Nf6 5.c3 Bg4 6.Qb3 e6 7.Qxb7 Qc8 8.Ba6 Ne7
9.e5 dxe5 10.Qb5+ Qd7 11.Nxe5  1-0

[Event "Rilton Cup"]
[Site "Stockholm SWE"]
[Date "2000.12.31"]
[Round "5"]
[White "McShane,L"]
[Black "Yakovich,Y"]
[Result "1-0"]
[WhiteElo "2480"]
[BlackElo "2585"]

1.e4 c5 2.Nf3 Nc6 3.Bb5 g6 4.Bxc6 bxc6 5.O-O Bg7 6.Re1 Nh6 7.c3 O-O 8.d4 cxd4
9.cxd4 d5 10.e5 f6 11.e6 Qd6 12.Qe2 a5 13.b3 Nf5 14.Ba3 Qf4 15.Nc3 Nxd4 16.Nxd4 Qxd4
17.Na4 Qa7 18.Bc5 Qc7 19.Bd4 Ba6 20.Qc2 Bb5 21.Nc5 a4 22.bxa4 Bc4 23.Nd7 Rfe8
24.Bb6 Qf4 25.a5 Bh6 26.Rad1 Qf5 27.Qxf5 gxf5 28.Bd4 f4 29.a4 Bg5 30.Ra1 h5
31.Ra3 Kh7 32.g3 fxg3 33.Rxg3 Rg8 34.Rg2 Bh6 35.f4 Rxg2+ 36.Kxg2 Kg6 37.Nc5 Kf5
38.Kf3 h4 39.h3 Rb8 40.Nd7  1-0

[Event "Rilton Cup"]
[Site "Stockholm SWE"]
[Date "2001.01.02"]
[Round "6"]
[White "Gleizerov,E"]
[Black "McShane,L"]
[Result "1/2-1/2"]
[WhiteElo "2557"]
[BlackElo "2480"]

1.d4 b6 2.e4 Bb7 3.Bd3 e6 4.Nf3 d6 5.c4 Ne7 6.Nc3 g6 7.Be3 Bg7 8.Rc1 Nd7
9.O-O O-O 10.d5 h6 11.b4 c5 12.Nb5 Nc8 13.a3 g5 14.h3 a6 15.Nc3 Ne7 16.Bb1 exd5
17.exd5  1/2-1/2

[Event "Rilton Cup"]
[Site "Stockholm SWE"]
[Date "2001.01.04"]
[Round "8"]
[White "Ernst,T"]
[Black "McShane,L"]
[Result "1-0"]
[WhiteElo "2409"]
[BlackElo "2480"]

1.e4 c5 2.Nf3 Nc6 3.d4 cxd4 4.Nxd4 Nf6 5.Nc3 e5 6.Ndb5 d6 7.Bg5 a6 8.Na3 b5
9.Nd5 Be7 10.Bxf6 Bxf6 11.c4 b4 12.Nc2 a5 13.Be2 Bg5 14.O-O O-O 15.Qd3 Be6
16.Rad1 g6 17.Nde3 Qb6 18.Bg4 Rad8 19.Nd5 Qb7 20.Qg3 Bxd5 21.cxd5 Nb8 22.Ne3 Bf4
23.Qh4 Qa7 24.Nc4 f5 25.Be2 Kg7 26.exf5 gxf5 27.Rd3 Rf6 28.Rh3 h6 29.Ne3 Rdf8
30.Bd3 Qd4 31.Nxf5+ Rxf5 32.Bxf5 Rxf5 33.Qe7+ Rf7 34.Qxd6 Nd7 35.Rh4 Qb6
36.Rg4+ Bg5 37.Qxb6 Nxb6 38.h4 Rf4 39.Rxf4 Bxf4 40.g3 Bd2 41.Rd1 b3 42.Rxd2 bxa2
43.Rd1 Nxd5 44.Ra1 Nb4 45.f3 h5 46.Kg2 Kg6 47.Kh3 Kf5 48.b3 Kf6 49.g4 hxg4+
50.Kxg4 Kg6 51.h5+ Kf6 52.h6 Kg6 53.h7 Kxh7 54.Kf5 Kg7 55.Kxe5 Kf7 56.f4 Ke7
57.Kf5 Kf7 58.Kg5 Kg7 59.f5 Kf7 60.f6  1-0

[Event "Bundesliga 2000-1"]
[Site "Bremen GER"]
[Date "2001.02.17"]
[Round "8"]
[White "McShane,L"]
[Black "Kindermann,S"]
[Result "1/2-1/2"]
[WhiteElo "2480"]
[BlackElo "2519"]

1.e4 e6 2.d4 d5 3.Nd2 c5 4.Ngf3 cxd4 5.Nxd4 Nf6 6.exd5 Qxd5 7.Nb5 Na6 8.Nc4 Qxd1+
9.Kxd1 Bc5 10.f3 O-O 11.c3 Bd7 12.a4 Nd5 13.Bd3 Rfd8 14.Ke2 Be7 15.Bd2 Nc5
16.Bc2 a6 17.Nd4 Be8 18.Ne5 f6 19.Ng4 e5 20.Nf5 Bf8 21.b4 Ne6 22.Bb3 h5 23.Nf2 Bf7
24.g3 g6 25.Bxd5 Rxd5 26.Nh6+ Bxh6 27.Bxh6 f5 28.Be3 Rc8 29.Rhc1 Rc4 30.Nd1 Rc8
31.Bb6 Rd6 32.a5 Nf8 33.Nb2 Nd7 34.Be3 Nf6 35.Na4 Bc4+  1/2-1/2

[Event "Dutch Open Blitzchess"]
[Site "Dordrecht NED"]
[Date "2001.02.24"]
[Round "4"]
[White "Van Wely,L"]
[Black "McShane,L"]
[Result "0-1"]
[WhiteElo "2700"]
[BlackElo "2460"]

1.d4 b6 2.e4 Bb7 3.Bd3 e6 4.Nf3 d6 5.O-O Nd7 6.Qe2 Ne7 7.h4 h6 8.Re1 g6 9.Nbd2 Bg7
10.Nf1 O-O 11.N1h2 c5 12.c3 cxd4 13.cxd4 Nc6 14.a3 Rc8 15.Be3 Nf6 16.Rad1 h5
17.Ng5 Qe7 18.Bb1 Na5 19.Nhf3 Ng4 20.Bf4 Nc4 21.e5 dxe5 22.dxe5 b5 23.Ne4 Bxe4
24.Bxe4 Ncxe5 25.Nxe5 Bxe5 26.Bg5 Bf6 27.Bd2 Qc7 28.g3 Bd4 29.Bf4 Bxf2+ 30.Kg2 e5
31.Bg5 Bxe1 32.Rxe1 Qc5 33.Rf1 Rfd8 34.Qf3 Rd7 35.Bb1 Rcd8 36.Ba2 Rf8 37.Kh1 Qd6
38.Kg2 e4 39.Qe2 Qc6 40.Kh3 e3 41.Bf4 Nf2+ 42.Rxf2 exf2 43.Kh2 Qc5 44.Qf3 f1=B
45.Qxf1 Qc2+  0-1

[Event "Dutch Open Blitzchess"]
[Site "Dordrecht NED"]
[Date "2001.02.24"]
[Round "4"]
[White "McShane,L"]
[Black "Van Wely,L"]
[Result "0-1"]
[WhiteElo "2460"]
[BlackElo "2700"]

1.e4 c5 2.Nf3 d6 3.Bc4 Nc6 4.O-O Nf6 5.Re1 g6 6.d3 Bg7 7.c3 O-O 8.Bb3 e5
9.Nbd2 h6 10.Nf1 d5 11.h3 Re8 12.Ng3 Be6 13.Nh2 Qd7 14.Qf3 Kh7 15.Be3 b6
16.Rad1 d4 17.Bxe6 Qxe6 18.Bc1 dxc3 19.bxc3 Qxa2 20.Ng4 Nxg4 21.hxg4 Qe6
22.Nf1 c4 23.dxc4 Na5 24.Ne3 Rac8 25.Nd5 Rxc4 26.g3 Rf8 27.Ba3 Rfc8 28.Kg2 Nb7
29.Rh1 Nc5 30.g5 Nxe4 31.gxh6 Bh8 32.Rh4 Ng5 33.Qe3 Rxh4 34.gxh4 Qg4+ 35.Qg3 Qxd1  0-1

[Event "Bundesliga 2000-1"]
[Site "Bremen GER"]
[Date "2001.04.01"]
[Round "13"]
[White "Buhmann,R"]
[Black "McShane,L"]
[Result "1-0"]
[WhiteElo "2444"]
[BlackElo "2460"]

1.d4 g6 2.e4 Bg7 3.Nc3 d6 4.Be3 a6 5.f3 Nd7 6.Qd2 e6 7.Nge2 b6 8.h4 h6 9.g4 Bb7
10.Bg2 Ne7 11.f4 b5 12.Ng3 Nb6 13.b3 b4 14.Nce2 f5 15.Qxb4 fxg4 16.h5 Nf5
17.Bf2 Nh4 18.Rxh4 Qxh4 19.Nf5 Qf6 20.Nh4 Qf7 21.Nxg6 Rg8 22.Bh4 Rb8 23.O-O-O Nd7
24.Qa4 Bf6 25.Bxf6 Qxf6 26.e5 Qf7 27.Bxb7 Rxb7 28.Qxa6 Rb8 29.Qc6 Kd8 30.d5 exd5
31.exd6 cxd6 32.Nd4 Rb6 33.Qa8+ Nb8 34.f5 Qb7 35.Qa5 Kd7 36.Re1 Re8 37.Rxe8 Kxe8
38.Qe1+ Kd8 39.Qe6 Qd7 40.Qxd5 Nc6 41.Ne6+ Kc8 42.f6 g3 43.Nef4 Nd8 44.Qa8+ Rb8
45.Ne7+ Qxe7 46.Qxb8+  1-0

[Event "Redbus KO"]
[Site "Southend ENG"]
[Date "2001.04.13"]
[Round "1.1"]
[White "Hebden,M"]
[Black "McShane,L"]
[Result "0-1"]
[WhiteElo "2560"]
[BlackElo "2490"]

1.d4 Nf6 2.Nf3 d6 3.Nc3 Bf5 4.Bg5 d5 5.Nh4 Be6 6.Qd3 c6 7.f4 Ne4 8.f5 Nxg5
9.fxe6 Nxe6 10.O-O-O g6 11.e4 Bg7 12.exd5 Nf4 13.Qg3 Nxd5 14.Nf5 Bf6 15.Nh6 Nxc3
16.bxc3 Qa5 17.h4 Nd7 18.Bc4 Rf8 19.Rhe1 Qa3+ 20.Kb1 Nb6 21.Bb3 O-O-O 22.Ng4 a5
23.Ne5 Bxe5 24.Rxe5 e6 25.Rf1 Qd6 26.a4 Nd7 27.Re3 Qxg3 28.Rxg3 Rde8 29.h5 Kc7
30.hxg6 hxg6 31.Rh3 Re7 32.Rh7 Kd6 33.Rg7 b5 34.c4 bxa4 35.c5+ Kc7 36.Bxa4 e5
37.dxe5 Nxe5 38.Bb3 Rd7 39.Kc1 f5 40.Rg8 Rxg8 41.Bxg8 Rg7 42.Be6 Re7 43.Bg8 Nd7
44.Rh1 Rg7 45.Rh8 Nxc5 46.Bc4 Kd6 47.Ra8 a4 48.Kb2 g5 49.Kc3 f4 50.Rd8+ Kc7
51.Rf8 Re7 52.Rg8 Re5 53.Kb4 Kb6 54.Rb8+ Kc7 55.Rg8 Kb6 56.Rb8+ Nb7 57.Bd3 Re3
58.Ra8 Nc5 59.Bf5 Rg3 60.Rb8+ Nb7 61.Be4 a3 62.Bd3 Ka7 63.Re8 c5+ 64.Ka4 a2
65.Re1 Nd6 66.Ra1 Rxg2 67.Rxa2 Rg1 68.Kb3+ Kb7 69.Ra5 Kc6 70.Ra6+ Kd5 71.c4+ Ke5
72.Rc6 Ne4 73.Rc8 Kd4 74.Rd8+ Ke3 75.Bc2 f3 76.Rf8 f2  0-1

[Event "Redbus KO"]
[Site "Southend ENG"]
[Date "2001.04.14"]
[Round "2.2"]
[White "Levitt,J"]
[Black "McShane,L"]
[Result "1/2-1/2"]
[WhiteElo "2438"]
[BlackElo "2490"]

1.d4 b6 2.c4 Bb7 3.Nc3 e6 4.a3 Ne7 5.e4 g6 6.Be3 Bg7 7.Qd2 d5 8.cxd5 exd5
9.e5 Nf5 10.f4 c5 11.Nf3 Nc6 12.Bb5 c4 13.g4 Nxe3 14.Qxe3 Qd7 15.Rg1 O-O-O
16.O-O-O h5 17.h3 hxg4 18.hxg4 a6 19.Ba4 Rh3 20.Bc2 Kb8 21.f5 gxf5 22.Bxf5 Qc7
23.g5 Rhh8 24.Rh1 Ne7 25.Bc2 Bc8 26.Nh4 Be6 27.Qf4 f6 28.Nf3 fxe5 29.Nxe5 Rhf8
30.Qg3 Bxe5 31.Qxe5 Qxe5 32.dxe5 d4 33.Rh6 Bg4 34.Rg1 dxc3 35.bxc3 Bf5 36.Rxb6+ Kc7
37.Rf6 Bxc2 38.Kxc2 Nd5  1/2-1/2

[Event "Redbus KO"]
[Site "Southend ENG"]
[Date "2001.04.14"]
[Round "2.1"]
[White "McShane,L"]
[Black "Levitt,J"]
[Result "1-0"]
[WhiteElo "2490"]
[BlackElo "2438"]

1.e4 e6 2.d4 d5 3.Nd2 c5 4.Ngf3 cxd4 5.Nxd4 Nc6 6.Bb5 Bd7 7.Nxc6 Bxc6 8.Bxc6+ bxc6
9.c4 Nf6 10.Qa4 Qd7 11.e5 Ng8 12.O-O Bc5 13.Rd1 f5 14.Nb3 Bb6 15.Be3 Rb8
16.Bc5 Ne7 17.Bd6 Rc8 18.c5 Bd8 19.Qa6 O-O 20.Nd4 f4 21.b4 Rf7 22.a4 Nf5
23.Nxf5 Rxf5 24.b5 Rf7 25.b6 Qb7 26.Qxb7 Rxb7 27.a5 a6 28.Ra4 Bg5 29.h4 Bh6
30.Rd3 Kf7 31.g3 Rg8 32.gxf4 g6 33.Rg3 Bf8 34.h5 Rg7 35.hxg6+ hxg6 36.Kg2 Rg8
37.Ra1 Bg7 38.Kf3 Rh8 39.Rag1 Rh6 40.f5 exf5 41.e6+ Kxe6 42.Bf4 g5 43.Rxg5 Bf6
44.Re1+ Kf7 45.Rxf5 Rg6 46.Rxd5  1-0

[Event "Redbus KO"]
[Site "Southend ENG"]
[Date "2001.04.15"]
[Round "3.2"]
[White "McShane,L"]
[Black "Hodgson,Ju"]
[Result "1/2-1/2"]
[WhiteElo "2490"]
[BlackElo "2595"]

1.e4 d5 2.exd5 Qxd5 3.Nc3 Qa5 4.Bc4 Nf6 5.Nf3 Bg4 6.h3 Bh5 7.d3 c6 8.Qe2 Nbd7
9.g4 Bg6 10.Bd2 Qc7 11.h4 h5 12.g5 Ng4 13.a3 O-O-O 14.O-O-O e6 15.Ba2 Bc5
16.d4 Bb6 17.Be3 Rhe8 18.Nd2 a6 19.Kb1 Ba5 20.b4 Bb6 21.Nc4 Ba7 22.Qf3 Nb6
23.Bf4 Qe7 24.Ne3 Nxe3 25.fxe3 Nd5 26.Bxd5 cxd5 27.e4 Qd7 28.Rhe1 Bb8 29.Kb2 dxe4
30.Nxe4 Bxf4 31.Qxf4 Qc7 32.Qxc7+ Kxc7 33.c4 b6 34.a4 Re7 35.Kc3 Kb7 36.a5 bxa5
37.bxa5 Ka7 38.Nc5 Rc7 39.Na4 Rd5 40.Kb4 Rf5 41.Rf1 Rb7+ 42.Nb6 Rxa5 43.Kxa5 Rxb6
44.Rd2 Rb3 45.d5 exd5 46.cxd5 Rb5+ 47.Ka4 Kb6 48.d6 Ra5+ 49.Kb4 Rb5+ 50.Ka4 Ra5+
51.Kb3 Rb5+ 52.Kc4 Rc5+ 53.Kb4 Rb5+ 54.Ka3 Ra5+ 55.Kb2 Rb5+ 56.Kc3 Rc5+ 57.Kd4 Kc6
58.d7 Rd5+ 59.Ke3 Rxd2 60.Kxd2 Kxd7 61.Ra1 f6 62.Rxa6 Ke7 63.Ke3 Kf7 64.Ra7+ Kg8
65.gxf6 gxf6 66.Kd4 Bf5 67.Kd5 Bg4 68.Kd6 Kf8 69.Rc7 Ke8 70.Rc4 Kf7 71.Rf4 Bd1
72.Kd5 Bb3+ 73.Kd4 Be6 74.Ke3  1/2-1/2

[Event "16th North Sea Cup"]
[Site "Esbjerg DEN"]
[Date "2001.07.06"]
[Round "1"]
[White "McShane,L"]
[Black "Nataf,IA"]
[Result "1/2-1/2"]
[WhiteElo "2511"]
[BlackElo "2527"]

1.e4 c5 2.Nf3 Nc6 3.Bb5 e6 4.Bxc6 bxc6 5.d3 Ne7 6.Nh4 Ng6 7.Nxg6 hxg6 8.O-O e5
9.f4 d6 10.fxe5 dxe5 11.Qe1 c4 12.dxc4 Qh4 13.h3 Be6 14.Qxh4 Rxh4 15.Nd2 f6
16.Kh2 O-O-O 17.Re1 g5 18.Nf3 Rh5 19.Kg3 Bxc4 20.Be3 a6 21.Bb6 Rd7 22.Rad1 Bb4
23.c3 Bd6 24.b3 Bf7 25.Re2 Be7 26.Rxd7 Kxd7 27.c4 c5 28.Nh2 Kc6 29.Ba5 Rh8
30.Kg4 Bg6 31.Kf3 Bd6 32.Be1 Ra8 33.Ba5 Rh8 34.Be1 Ra8 35.Ba5  1/2-1/2

[Event "16th North Sea Cup"]
[Site "Esbjerg DEN"]
[Date "2001.07.07"]
[Round "2"]
[White "Hansen,Cu"]
[Black "McShane,L"]
[Result "0-1"]
[WhiteElo "2626"]
[BlackElo "2511"]

1.Nf3 g6 2.d4 Bg7 3.c4 d6 4.Nc3 Nf6 5.e4 O-O 6.Be2 e5 7.Be3 exd4 8.Nxd4 Re8
9.f3 c6 10.Bf2 d5 11.exd5 cxd5 12.O-O Nc6 13.c5 Nh5 14.Qd2 Be5 15.g3 Ng7
16.Rfd1 Ne6 17.Nxe6 Bxe6 18.f4 Bxc3 19.Qxc3 Bf5 20.Bf1 Be4 21.b4 Qe7 22.Rd2 a6
23.a4 h5 24.Re1 Qf8 25.b5 axb5 26.axb5 Nd8 27.Rc1 Ne6 28.Bg2 h4 29.Qf6 Qh6
30.Bxe4 dxe4 31.Rd7 Rf8 32.c6 bxc6 33.bxc6 hxg3 34.hxg3 Ra2 35.Qh4 Qg7 36.g4 Qb2
37.Re1 e3 38.Rxe3 Qc1+ 39.Re1 Qxc6 40.Rd3 Nxf4 41.Rg3 Rb8 42.Qe7 Rxf2  0-1

[Event "16th North Sea Cup"]
[Site "Esbjerg DEN"]
[Date "2001.07.08"]
[Round "3"]
[White "McShane,L"]
[Black "Sutovsky,E"]
[Result "0-1"]
[WhiteElo "2511"]
[BlackElo "2651"]

1.e4 c5 2.Nf3 d6 3.Bc4 Nf6 4.d3 Nc6 5.O-O g6 6.h3 Bg7 7.Nc3 Na5 8.Bb5+ Bd7
9.Bxd7+ Qxd7 10.Bg5 h6 11.Bd2 O-O 12.e5 dxe5 13.Nxe5 Qf5 14.Re1 b6 15.Nb5 Nd5
16.Ng4 Kh7 17.Bxa5 bxa5 18.Ne3 Nxe3 19.Rxe3 Rab8 20.a4 a6 21.Nc3 Rxb2 22.Qd2 Qf4
23.Ne2 Qb4 24.Qd1 Rxc2 25.Qxc2 Bxa1 26.Qd1 Bf6 27.Re4 Qb7 28.Rc4 Qd5 29.Qc2 Rd8
30.Nc1 Qe5 31.Re4 Qc3 32.Qxc3 Bxc3 33.Rxe7 Kg7 34.Re4 Rb8 35.Rc4 Bd4 36.Kf1 Rb1
37.Ke1 Kf6 38.Rc2 Bb2 39.Kd2 Rxc1 40.Rxc1 Bxc1+  0-1

[Event "16th North Sea Cup"]
[Site "Esbjerg DEN"]
[Date "2001.07.09"]
[Round "4"]
[White "McShane,L"]
[Black "Rozentalis,E"]
[Result "1/2-1/2"]
[WhiteElo "2511"]
[BlackElo "2588"]

1.e4 e5 2.Nf3 Nf6 3.Nxe5 d6 4.Nf3 Nxe4 5.c4 Be7 6.Be2 O-O 7.O-O Nc6 8.Nc3 Nxc3
9.dxc3 Bf6 10.Be3 Re8 11.Qd2 Ne5 12.h3 b6 13.Rad1 Bb7 14.Nh2 Qd7 15.Ng4 Qf5
16.Nxf6+ Qxf6 17.Kh2 Qf5 18.b3 Re6 19.Rg1 Rae8 20.Rde1 h5 21.Qd1 g6 22.Qd2 Qf6
23.Rgf1 c5 24.Bd1 Qf5 25.Bc2 Qf6 26.Bd1 Qf5 27.Bc2 Qf6  1/2-1/2

[Event "16th North Sea Cup"]
[Site "Esbjerg DEN"]
[Date "2001.07.10"]
[Round "5"]
[White "Van den Doel,E"]
[Black "McShane,L"]
[Result "0-1"]
[WhiteElo "2607"]
[BlackElo "2511"]

1.e4 c5 2.Nf3 Nc6 3.Nc3 d6 4.d4 cxd4 5.Nxd4 e5 6.Nf3 Be7 7.Bc4 Nf6 8.Bg5 Be6
9.Bb3 O-O 10.O-O Rc8 11.Qd3 Ne8 12.Be3 a6 13.a3 Na5 14.Nd5 Nxb3 15.Qxb3 Bxd5
16.exd5 Qd7 17.c4 b5 18.c5 dxc5 19.Nxe5 Qf5 20.f4 Nf6 21.Rad1 Bd6 22.Qd3 Qxd3
23.Rxd3 Rfe8 24.Bc1 c4 25.Rdd1 Rcd8 26.Kh1 Bxe5 27.fxe5 Rxe5 28.d6 Re6 29.Bf4 Nh5
30.Bg5 Rdxd6 31.Be7 Rxd1 32.Rxd1 f6 33.Bd6 g5 34.Kg1 Re2  0-1

[Event "16th North Sea Cup"]
[Site "Esbjerg DEN"]
[Date "2001.07.11"]
[Round "6"]
[White "McShane,L"]
[Black "Nielsen,PH"]
[Result "0-1"]
[WhiteElo "2511"]
[BlackElo "2593"]

1.e4 c5 2.Nf3 e6 3.Nc3 a6 4.g3 b5 5.Bg2 Bb7 6.d3 d6 7.O-O Be7 8.e5 dxe5 9.Nxe5 Bxg2
10.Kxg2 Nd7 11.Nxd7 Qxd7 12.Qg4 Qc6+ 13.Qe4 Qxe4+ 14.dxe4 Nf6 15.Re1 Kd7
16.e5 Nd5 17.Nxd5 exd5 18.f4 f5 19.Kf3 Ke6 20.Be3 h6 21.h3 g5 22.c3 a5 23.a3 Rhb8
24.Rec1 c4 25.Ra2 Rg8 26.Rh1 gxf4 27.gxf4 Bh4 28.Rg1 Rxg1 29.Bxg1 Rg8 30.Bh2 d4
31.cxd4 Kd5 32.Ra1 b4 33.axb4 axb4 34.Ke3 Rg2 35.Bg1 Rg3+ 36.Kd2 b3 37.Ke2 Ke4
38.Kf1 c3 39.bxc3 Rxc3 40.Rb1 Kf3 41.d5 b2 42.Be3 Rxe3  0-1

[Event "16th North Sea Cup"]
[Site "Esbjerg DEN"]
[Date "2001.07.12"]
[Round "7"]
[White "Rustemov,A"]
[Black "McShane,L"]
[Result "0-1"]
[WhiteElo "2607"]
[BlackElo "2511"]

1.d4 g6 2.c4 Bg7 3.Nf3 d6 4.Nc3 Nf6 5.g3 O-O 6.Bg2 Nc6 7.O-O Rb8 8.e3 a6
9.Qe2 e6 10.b3 Nd7 11.Bb2 Ne7 12.Rfd1 h6 13.e4 b6 14.Rac1 Bb7 15.d5 e5 16.b4 f5
17.Ba3 Nf6 18.exf5 gxf5 19.Nh4 Bc8 20.Bb2 Qe8 21.a4 Ng6 22.Nxg6 Qxg6 23.c5 bxc5
24.bxc5 f4 25.cxd6 cxd6 26.Ba3 Rd8 27.Rb1 Rxb1 28.Rxb1 Bf5 29.Rb4 Bd3 30.Qb2 Qf5
31.h3 e4 32.gxf4 Nh5 33.Rb7 Bd4 34.Rb8 Qf6 35.Nxe4 Bxb2 36.Nxf6+ Bxf6 37.Bxd6 Rxb8
38.Bxb8 Kf7 39.Bf3 Ng7 40.Be5 Nf5 41.Bh5+ Ke7 42.Bg6 Bh4 43.a5 Kd7 44.Bg7 Bd8
45.Bxh6 Bxa5 46.Bf8 Bd8 47.Ba3 a5 48.d6 Bf6 49.Kh2 Bc2 50.Bf7 Nxd6 51.Ba2 a4
52.Kg3 Bb3 53.Bb1 Nc4 54.Bf5+ Kd8 55.Bb4 a3 56.Bxa3 Nxa3 57.h4 Ke7 58.h5 Bg7
59.Kg4 Kf6 60.Bd3 Bh6 61.Kf3 Nc4 62.Kg4 Bd1+ 63.Kg3 Nd6 64.f3 Nf5+ 65.Kg4 Nd4
66.Be4 Ne6 67.f5 Nf4 68.Bb1 Bb3 69.Be4 Bf7 70.Kg3 Bxh5 71.Kf2 Be8 72.Kg3 Bd7
73.Kg4 Ne2 74.Kh5 Be3 75.Kg4 Nd4 76.Kg3 Nxf5+ 77.Kg2 Ke5 78.Bb7 Kf4 79.Kf1 Bb5+
80.Kg2 Nh4+ 81.Kh3 Bf2 82.Kh2 Bf1 83.Bc6 Nf5 84.Bb7 Nd4 85.Ba8 Ne2 86.Bc6 Bg1+
87.Kh1 Kg3 88.f4 Kf2  0-1

[Event "16th North Sea Cup"]
[Site "Esbjerg DEN"]
[Date "2001.07.13"]
[Round "8"]
[White "McShane,L"]
[Black "Schandorff,L"]
[Result "1/2-1/2"]
[WhiteElo "2511"]
[BlackElo "2551"]

1.e4 e5 2.Nf3 Nf6 3.Nxe5 d6 4.Nf3 Nxe4 5.d4 d5 6.Bd3 Nc6 7.O-O Be7 8.c4 Nb4
9.Be2 O-O 10.Nc3 Bf5 11.a3 Nxc3 12.bxc3 Nc6 13.Re1 dxc4 14.Bxc4 Bd6 15.Ra2 Qd7
16.Ng5 Rae8 17.Rae2 Nd8 18.Ne4 Bxe4 19.Rxe4 Rxe4 20.Rxe4 Re8 21.f3 c6 22.a4 Ne6
23.Qe2 Nc7 24.Bb3 Kf8 25.g3 Nd5 26.Bd2 Nf6 27.Rxe8+ Qxe8 28.Qd3 h6 29.Kg2 Qe7
30.Be3 a6 31.Bf2 Qd7 32.c4 Be7 33.Qb1 Kg8 34.Bc2 Qc7 35.Bf5 b6 36.Bd3 a5
37.c5 bxc5 38.dxc5 Nd7 39.Qc2 Qa7 40.Be4 Bxc5 41.Bxc6 Bxf2 42.Qxf2 Qc7 43.Bd5 Nf6
44.Bb3 Kf8 45.Qe3 Nd7 46.Qd4 Nc5 47.Ba2 Ne6 48.Bxe6 fxe6 49.Kh3 e5 50.Qd5  1/2-1/2